Les Présidents de la IIIème République - Statistiques

Statistiques générales
  • Ce quiz a été pris 119 fois
    111 depuis la dernière actualisation
  • Le résultat moyen est 18 sur 25
Statistiques - réponses
Par images Réponse % Correct
Adolphe Thiers (1871-1873)
92%
Patrice de Mac Mahon (1873–1879)
92%
Emmanuel Macron (2017-présent)
86%
François Hollande (2012-2017)
86%
Nicolas Sarkozy (2007-2012)
86%
Charles de Gaulle (1959-1969)
84%
Jacques Chirac (1995-2007)
84%
Valéry Giscard d’Estaing (1974-1981)
84%
Georges Pompidou (1969-1974)
83%
Jules Grévy (1879–1887)
83%
François Mitterrand (1981-1995)
76%
Sadi Carnot (1887–1894)
75%
Félix Faure (1895–1899)
70%
Philippe Pétain (1940-1944)
70%
Raymond Poincaré (1913–1920)
67%
Paul Doumer (1931–1932)
62%
Gaston Doumergue (1924–1931)
59%
René Coty (1954-1959)
59%
Alexandre Millerand (1920–1924)
56%
Paul Deschanel (février–septembre 1920)
54%
Jean Casimir-Perier (1894–1895)
52%
Vincent Auriol (1947–1954)
52%
Émile Loubet (1899–1906)
51%
Albert Lebrun (1932–1940)
49%
Armand Fallières (1906–1913)
46%
Aucun quiz correspondant
Distribution des résultats
% des personnes avec chaque résultat
Percentile par nombre de réponses
Votre historique - résultats
Vous n’avez pas pris ce quiz depuis la dernière actualisation